Statistics for Pinback albums

Click here to take the quiz!

General Stats

  • This quiz has been taken 35 times
  • The average score is 4 of 5

Answer Stats

YearAnswer% Correct
2012Information Retrieved
94%
2007Autumn of the Seraphs
91%
2004Summer in Abaddon
91%
2001Blue Screen Life
88%
1999This is a Pinback CD
69%

Score Distribution

Percentile by Number Answered

Percent of People with Each Score

Your Score History

You have not taken this quiz